000 01341nam a2200205Ia 4500
999 _c7989
_d7989
005 20230430092331.0
008 230427s9999 xx 000 0 und d
020 _a9501419304
040 _aUPAN
_cBiblioteca San Vicente
_eRCAA2
041 _aspa
082 _a342.06
_bG673p
100 _aGordillo, Agustin
_4aut.
245 0 _aProcedimiento administrativo/
_cAgustín Gordillo
260 _aArgentina:
_bLexis Nexis,
_c2003
300 _a604 p.;
_c27 cm.
505 _aDecreto- ley 19.549/1972 Procedimientos administrativos. Titulo I: Procedimiento administrativo. Titulo II: Competencia del órgano Titulo III: Requisitos especiales del acto administrativo Titulo IV: Impugnación judicial de los actos administrativos Reglamentos de procedimientos administrativos Titulo I: Reglamento de procedimientos administrativos Titulo II: De los expedientes Titulo III: Escritos. Domicilio. Documentos. Requisitos Titulo V: de las notificaciones Titulo VI: De la prueba Titulo VIII: Queja por defectos de tramitación e incumplimiento de plazos ajenos al tramite de recursos Titulo IX: Los actos administrativos de alcance general Titulo X: Reconstrucción de expedientes Titulo XII: Normas procesales supletorias
650 _2LEMB
_xProcedimiento Administrativo
650 _2LEMB
_xActos administrativos
942 _cBK
_2ddc